Année de création des réseaux sociaux - Statistiques

Statistiques générales
  • Ce quiz a été pris 56 fois
  • Le résultat moyen est 12 sur 20
Statistiques - réponses
Hint Réponse % Correct
Tik Tok 2016
100%
Youtube 2005
93%
Snapchat 2011
91%
X (Année du changement de nom) 2023
91%
Facebook 2004
89%
Instagram 2010
84%
Twitter 2006
77%
Whatsapp 2009
75%
Messenger 2008
66%
BeReal 2020
59%
Pinterest 2010
55%
Télégram 2013
52%
Discord 2015
50%
Linkedin 2002
48%
Threads 2023
48%
Line 2011
45%
Myspace 2003
30%
Reddit 2005
25%
MSN 1995
20%
KakaoTalk 2010
16%
Aucun quiz correspondant
Distribution des résultats
% des personnes avec chaque résultat
Percentile par nombre de réponses
Votre historique - résultats
Vous n’avez pas pris ce quiz